| 000 | 02011cam a2200337 a 4500 | ||
|---|---|---|---|
| 999 |
_c330921 _d330921 |
||
| 001 | 17048490 | ||
| 003 | NUST | ||
| 005 | 20180117090028.0 | ||
| 008 | 111117s2013 mau b 001 0 eng | ||
| 010 | _a 2011047148 | ||
| 020 | _a9780132658591 | ||
| 020 | _a0132658593 | ||
| 040 |
_aDLC _cDLC |
||
| 042 | _apcc | ||
| 050 | 0 | 0 |
_aHF5381 _b.N547 2013 |
| 082 | 0 | 0 |
_a650.14 _223 |
| 100 | 1 |
_aNiles, Spencer G. _94034 |
|
| 245 | 1 | 0 |
_aCareer development interventions in the 21st century / _cSpencer G. Niles, JoAnn Harris-Bowlsbey. |
| 250 | _a4th ed. | ||
| 260 |
_aBoston : _bPearson, _cc2013. |
||
| 300 | _a486 p. ; 24 cm. | ||
| 500 | _aIncludes bibliographic references and index. | ||
| 505 | 0 | _aIntroduction to career development interventions -- Understanding and applying theories of career development -- Understanding and applying recent theories of career development -- Providing culturally competent career development interventions -- Assessment and career planning -- Career information and resources -- Using technology to support career counseling and planning -- Career counseling strategies and techniques for the 21st century -- Designing, implementing, and evaluating career -- Development programs and services -- Career development interventions in the elementary schools -- Career development interventions in middle and high schools -- Career development interventions in higher education -- Career development interventions in community settings -- Ethical issues in career development interventions. | |
| 650 | 0 |
_aCareer development. _94030 |
|
| 650 | 0 |
_aCareer development _vCase studies. _94123 |
|
| 700 | 1 |
_aHarris-Bowlsbey, JoAnn. _94033 |
|
| 906 |
_a7 _bcbc _corignew _d1 _eecip _f20 _gy-gencatlg |
||
| 942 |
_2ddc _cBK |
||